Global competitiveness of the U.S. computer software and service industries

Na minha lista:
Detalhes bibliográficos
Formato: Livro
Idioma:Undetermined
Publicado em: Tokyo 1995
Assuntos:
Tags: Adicionar Tag
Sem tags, seja o primeiro a adicionar uma tag!
Thư viện lưu trữ: Trung tâm Học liệu Trường Đại học Cần Thơ
LEADER 00439nam a2200145Ia 4500
001 CTU_99106
008 210402s9999 xx 000 0 und d
082 |a 005.3 
082 |b G562 
245 0 |a Global competitiveness of the U.S. computer software and service industries 
260 |a Tokyo 
260 |c 1995 
650 |a Computer software,Service industries 
904 |i M. Loan 
980 |a Trung tâm Học liệu Trường Đại học Cần Thơ